UBT Library

Robotics and material flow / (Record no. 65)

000 -LEADER
fixed length control field 00729pam a2200253 a 4500
005 - DATE AND TIME OF LATEST TRANSACTION
control field 20131119103826.0
008 - FIXED-LENGTH DATA ELEMENTS--GENERAL INFORMATION
fixed length control field 131119b xxu||||| |||| 00| 0 eng d
020 ## - INTERNATIONAL STANDARD BOOK NUMBER
International Standard Book Number 0444426213
041 0# - LANGUAGE CODE
Language code of text/sound track or separate title eng
080 ## - UNIVERSAL DECIMAL CLASSIFICATION NUMBER
Universal Decimal Classification number 004.52
100 1# - Rafti
Rafti Nof, S.Y.
245 00 - TITLE STATEMENT
Title Robotics and material flow /
Statement of responsibility, etc edited by S.Y. Nof.
260 ## -
-- Amsterdam ;
-- New York :
-- Elsevier,
-- 1986.
300 ## -
-- 205 f. :
-- me il. ;
-- 28 cm.
490 ## -
-- Material Flow
-- III
500 ## -
-- "Published as a special issue of Material flow, vol. 3, issues 1-3."
504 ## - BIBLIOGRAPHY, ETC. NOTE
Bibliography, etc Includes bibliographies.
650 #0 -
-- Robotët
650 #0 -
-- Materialet
650 #0 -
-- Automatët
700 1# -
-- Nof, Shimon Y.,
-- 1946-
730 0# -
-- Material flow.
942 ## - ADDED ENTRY ELEMENTS (KOHA)
Source of classification or shelving scheme
Item type Books
Holdings
Withdrawn status Lost status Source of classification or shelving scheme Damaged status Not for loan Collection code Permanent location Current location Shelving location Date acquired Total Checkouts Full call number Barcode Date last seen Price effective from Koha item type
          Koleksioni i përgjithshem UBT - Prishtine UBT - Prishtine Koleksioni i përgjithshem 10/09/2013   007.52 ROB 001-000059 10/09/2013 10/09/2013 Books
UBT Library © 2015-2024. All rights reserved University Education for Business and Technology